| 000 | 00000nam##2200000za#4500 |
| 001 | 9.568239 |
| 003 | CaOODSP |
| 005 | 20240215150447 |
| 007 | cr ||||||||||| |
| 008 | 150406|1996||||xxc|||||o f|0| 0 eng|d |
| 040 | |aCaOODSP|beng |
| 043 | |an-cn--- |
| 086 | 1 |aPS83-3/47E-PDF |
| 110 | 2 |aCorrectional Service Canada. |
| 245 | 13|aAn operational review of the custody rating scale : |h[electronic resource]|breliability, validity and practical utility / |cby Frederick P. Luciani, Laurence L. Motiuk and Mark Nafekh. |
| 260 | |bCorrectional Service Canada |cJuly 1996. |
| 300 | |a82p.|breferences, tables |
| 490 | 1 |aResearch report|v[R-47] |
| 590 | |a10-12-Supp|b2010-11-18 |
| 720 | 1 |aMotiuk, Laurence L. |
| 720 | 1 |aLuciani, Frederick P. |
| 720 | 1 |aNafekh, Mark |
| 775 | 08|tExamen opérationnel de la fiabilité, de la validité et de l'utilité pratique de l'échelle de classement par niveau de sécurité / |w(CaOODSP)9.599529 |
| 830 | #0|aResearch report (Correctional Service Canada. Research Branch)|v[R-47]|w(CaOODSP)9.506063 |
| 856 | 40|ahttp://publications.gc.ca|qPDF|s234 KB|uhttps://publications.gc.ca/collections/collection_2010/scc-csc/PS83-3-47-eng.pdf|y[R-47] |